Gestión de las empresas agrarias y desarrollo rural (Registro nro. 3017)

Detalles MARC
000 -LEADER
fixed length control field 00849 a2200205 4500
001 - CONTROL NUMBER
control field 39327
005 - DATE AND TIME OF LATEST TRANSACTION
control field 20260407155652.0
008 - FIXED-LENGTH DATA ELEMENTS--GENERAL INFORMATION
fixed length control field 260407a1970 arg spa d
003 - CONTROL NUMBER IDENTIFIER
control field AR-UNSa-BCEJYS
040 ## - CATALOGING SOURCE
Original cataloging agency AR-UNSa-BCEJYS
Language of cataloging spa
Transcribing agency AR-UNSa-BCEJYS
080 ## - UNIVERSAL DECIMAL CLASSIFICATION NUMBER
Universal Decimal Classification number 658:631.1
Common auxiliary subdivision Administración de empresas agropecuarias(maquinarias, etc.)
100 1# - MAIN ENTRY--PERSONAL NAME
Personal name Couffin, Calixte
245 10 - TITLE STATEMENT
Title Gestión de las empresas agrarias y desarrollo rural
264 #1 - PRODUCTION, PUBLICATION, DISTRIBUTION, MANUFACTURE, AND COPYRIGHT NOTICE
Place of production, publication, distribution, manufacture Barcelona :
Name of producer, publisher, distributor, manufacturer Vicens-Vives
Date of production, publication, distribution, manufacture, or copyright notice 1970
300 ## - PHYSICAL DESCRIPTION
Extent 119 p.
Dimensions 21 cm.
505 ## - FORMATTED CONTENTS NOTE
Formatted contents note 1. La uniformidad en el lenguaje del desarrollo - 2. El empleo generalizado de la previsión - 3. Gestión y control presupuestario permanente - 4. De la gestión de la empresa a la gestión regional y nacional - Conclusión
590 ## - LOCAL NOTE (RLIN)
Local note niveau_biblio:m niveau_hierar:0
700 1# - ADDED ENTRY--PERSONAL NAME
Personal name LLovet Mont-ros, José
942 ## - ADDED ENTRY ELEMENTS (KOHA)
Koha item type
Existencias
Withdrawn status Lost status Damaged status Not for loan Home library Current library Shelving location Date acquired Total checkouts Full call number Barcode Date last seen Price effective from Koha item type
        Biblioteca Prof. Eusebio Cleto del Rey Biblioteca Prof. Eusebio Cleto del Rey   07/04/2026   658:631.1 C853 L25807 07/04/2026 07/04/2026 Libro
        Biblioteca Prof. Eusebio Cleto del Rey Biblioteca Prof. Eusebio Cleto del Rey   07/04/2026   658:631.1 C853 L25808 07/04/2026 07/04/2026 Libro